000 00556nam a2200181Ia 4500
005 20250326125353.0
008 250326s9999 xx 000 0 und d
037 _aTextbook
040 _aFMSL
_beng
_cFMSL
041 _aeng
_2eng
084 _aX8(J):7 L0
_qFMSL
100 _aN C A E R
245 0 _aProjections of demand and supply of agricultural commodities
_cN C A E R
260 _aNew Delhi
_bNew Delhi, National Council of Applied Economic Research
_c1970
300 _a92p
942 _cTB
_hX8(J):7 L0
999 _c1277736
_d1277736